The phoenician origin of Britons, Scots and Anglo Saxons. Discovered by phoenician and sumerian inscriptions in Britain, by pre roman briton coins and mass of new history. With over one hundred illustrations and maps

Gardado en:
Detalles Bibliográficos
Autor Principal: Waddell, L. A. (Author)
Formato: Libro
Idioma:inglés
Publicado: Londres Williams and Norgate, Ltd 1925
Edición:1a. ed
Subjects:
Tags: Engadir etiqueta
Sen Etiquetas, Sexa o primeiro en etiquetar este rexistro!

MARC

LEADER 00000nam a2200000 a 4500
001 UCJ6630
003 CL-VaPUC
008 070124e19250000UK |||||||||||||||||eng|d
082 0 4 |a 942  |b WAD  |2 21 
100 0 |a Waddell, L. A.  |e author  |9 513617 
245 1 4 |a The phoenician origin of Britons, Scots and Anglo Saxons. Discovered by phoenician and sumerian inscriptions in Britain, by pre roman briton coins and mass of new history. With over one hundred illustrations and maps 
250 |a 1a. ed 
300 |a xxvi, 450 p 
942 |c BK 
945 |d 20070124 00:00:00  |a rinostro 
260 |a Londres  |b Williams and Norgate, Ltd  |c 1925 
500 |a Ilustraciones y mapas conforme a lo señalado en índices 
650 0 |a Prehistoria  |9 316557 
650 0 |a Arqueología   |9 265619 
650 7 |a FENICIOS  |2 CL-VaPUC  |9 513618 
650 7 |a SUMERIOS  |2 CL-VaPUC  |9 513469 
650 0 |a Numismática  |9 318332 
650 0 |a Ilustraciones  |9 369481 
650 0 |a Mapas  |9 260844 
651 7 |a REINO UNIDO  |2 CL-VaPUC  |9 388523 
651 0 |a Inglaterra  |9 255158 
651 7 |a ESCOCIA  |2 CL-VaPUC  |9 332669 
583 |a last modification  |c 20121221 11:12:43  |k Rodrigo Vera 
999 |c 322732  |d 322730 
952 |0 0  |1 0  |4 0  |6 942_000000000000000_WAD_1925  |7 0  |8 X  |9 401795  |a FDOBUD  |b FDOBUD  |d 2019-11-22  |i 1050273  |o 942 WAD 1925  |p 1050273  |r 2019-11-22  |w 2019-11-22  |y BK_X  |k BUD